| 000 | 00475nam a2200145 4500 | ||
|---|---|---|---|
| 001 | 127440 | ||
| 003 | ES-MaACL | ||
| 007 | t| | ||
| 008 | 070214s1916 xxk r ||||1| eng d | ||
| 100 | 1 |
_aRider, Bertha Carr. _997055 |
|
| 245 | 1 | 4 |
_aThe Greek house _b: its history and development from the neolithic period to the hellenistic age / _cby Bertha Carr Rider. |
| 260 |
_aCambridge : _bUniversity Press, _c1916. |
||
| 300 |
_aXII, 272 p. ; _c23 cm. |
||
| 852 |
_aES-MaACL _jG-4982 |
||
| 999 |
_c127440 _d127440 |
||